[Event "November Lviv Tradition 2019"]
[Site "Lviv"]
[Date "2019.11.21"]
[Round "3.5"]
[White "Shkuran, Danylo"]
[Black "Polulikh, Bogdan"]
[Result "1-0"]
[WhiteElo "2345"]
[BlackElo "2286"]
[Annotator "ChessBase"]
[PlyCount "99"]
[EventDate "2019.09.23"]
[EventType "tourn"]
[EventRounds "9"]
[EventCountry "UKR"]
[EventCategory "1"]
[SourceTitle "playchess.com"]
[Source "ChessBase"]
[SourceQuality "1"]
[WhiteTeam "Ukraine"]
[BlackTeam "Ukraine"]
[WhiteTeamCountry "UKR"]
[BlackTeamCountry "UKR"]
[TimeControl "5400+30"]

1. Nf3 Nf6 2. g3 d5 3. Bg2 c6 4. O-O Bg4 5. d4 e6 6. Nbd2 Nbd7 7. Re1 Bd6 8. e4 Nxe4 9. Nxe4 dxe4 10. Rxe4 Bh5 11. b3 O-O 12. Bb2 Re8 13. Qe1 Bg6 14. Re2 a5 15. a4 Be7 16. c4 Qc7 17. Bc3 Bf6 18. Rc1 Rec8 19. Nd2 Nf8 20. c5 Rd8 21. Nc4 Bd3 22. Nb6 Bxe2 23. Nxa8 Rxa8 24. Qxe2 Ng6 25. Qc4 Ne7 26. b4 axb4 27. Qxb4 Rd8 28. Rb1 Rd7 29. a5 h5 30. Qb6 Qc8 31. Be4 g6 32. Kg2 Nf5 33. a6 bxa6 34. Bxc6 Rc7 35. Bb7 Qd8 36. Ba5 Rxb7 37. Qxd8+ Bxd8 38. Rxb7 Bxa5 39. c6 Kg7 40. Rd7 Kf6 41. h3 Bb6 42. g4 hxg4 43. hxg4 Nxd4 44. Rxd4 Ke7 45. Rd7+ Ke8 46. Rb7 Ba5 47. Kf3 f5 48. Kf4 Bc3 49. Rb8+ Ke7 50. c7 1-0

[Event "November Lviv Tradition 2019"]
[Site "Lviv"]
[Date "2019.11.22"]
[Round "4.1"]
[White "Kagramanianz, Vartan"]
[Black "Polulikh, Bogdan"]
[Result "1/2-1/2"]
[WhiteElo "2229"]
[BlackElo "2286"]
[Annotator "TA"]
[PlyCount "80"]
[EventDate "2019.09.23"]
[EventType "tourn"]
[EventRounds "9"]
[EventCountry "UKR"]
[EventCategory "1"]
[SourceTitle "playchess.com"]
[Source "ChessBase"]
[SourceQuality "1"]

{[%evp 9,80,72,131,32,48,-47,-39,-44,-26,-45,-45,-46,-28,-45,-59,-65,-29,-19,-31,-85,-77,-93,-104,-93,-86,-118,-112,-118,-114,-118,-102,-98,-110,-177,-152,-237,-216,-242,-260,-295,-285,-279,282,255,273,231,237,58,83,68,131,95,106,62,72,27,205,184,182,182,799,696,29982,29983,29983,765,708,0,29978,0,629,0,29978]} 1. d4 Nf6 2. Bf4 g6 3. Nc3 Bg7 4. Qd2 (4. e4 d6 5. Qd2 c6 6. Bh6 Bxh6 7. Qxh6 Qa5 8. f3 b5 9. Bd3 b4 10. Nd1 c5 11. Ne2 Nc6 12. d5 Ne5 13. b3 c4 14. Bxc4 Nxc4 15. bxc4 Ba6 16. Qd2 Rc8 {1-0 (43) Jumabayev,R (2633)-Guseinov,G (2654) Riga 2019}) 4... h6 5. e4 c5 (5... d6 $142) 6. d5 {A45: Trompowsky Attack} (6. dxc5 $16 Nc6 7. f3) 6... Qb6 $146 ({Predecessor:} 6... d6 7. f3 a6 8. a4 Nbd7 9. Nh3 Qa5 10. Ra3 Ne5 {0-1 (133) Rzayev,A (2074)-Yurtseven,M (2324) Antalya 2017}) 7. Bxb8 ({White should play} 7. Bd3 $14) 7... Rxb8 $15 8. e5 {Black is slightly better.} Nxd5 9. Nxd5 Qxb2 {[%mdl 64] Double Attack} 10. Rd1 {And now f4 would win.} Qxe5+ 11. Be2 e6 $1 {[%mdl 1024] Black has compensation.} 12. Ne3 Qb2 {White must now prevent ...Bc3.} 13. Nc4 Qc3 14. Nf3 ({Better is} 14. f4 $15) 14... d5 $17 15. Nd6+ Ke7 16. Nxc8+ Rhxc8 17. O-O Qxd2 18. Nxd2 b5 19. f4 c4 20. Nf3 Bc3 21. g4 (21. Ne5 $17 {was worth a try.}) 21... Rc6 22. f5 (22. a3 $17) 22... gxf5 23. gxf5 Ra6 24. fxe6 fxe6 ({Inferior is} 24... Rxa2 25. exf7 Rxc2 26. Rf2 $11) 25. Nd4 Rxa2 $4 {[%mdl 8192]} (25... Rg8+ $19 26. Kh1 Bxd4 27. Rxd4 Rxa2) 26. Nc6+ $18 {[%mdl 64] Double Attack} Kd6 27. Nxb8 {Rf7 is the strong threat.} Rxc2 {[#]} 28. Rf3 $2 (28. Bg4 $1 $18) 28... a5 $1 $14 29. Re3 a4 (29... Bd2 $14 30. Rf3 b4) 30. Bg4 $16 e5 31. Rh3 Bd2 $1 32. Na6 {Hoping for Rf3.} e4 $2 {[#]} (32... Rb2 $1 $11) 33. Rh5 $1 $18 Rb2 34. Rf1 {aiming for Rf6+.} Bc3 $2 (34... Bg5) 35. Rff5 a3 36. Rxh6+ Ke7 37. Rh7+ (37. Nb8 $142 Bd4+ 38. Kh1 Rb1+ 39. Kg2 Rg1+ 40. Kh3 Rxg4 41. Nc6+ Kd7 42. Kxg4) 37... Kd6 38. Rh6+ Ke7 39. Rh7+ (39. Nc7 $142 Kd8 40. Nxd5 Bd4+ 41. Kf1 Rb1+ 42. Kg2 Rg1+ 43. Kh3 Bc5 44. Rf7) 39... Kd6 40. Rh6+ Ke7 {[%mdl 32768] Accuracy: White = 39%, Black = 50%. . An unexpected result.} 1/2-1/2

[Event "November Lviv Tradition 2019"]
[Site "Lviv"]
[Date "2019.11.22"]
[Round "4.2"]
[White "Papunidi, Matvey"]
[Black "Shkuran, Danylo"]
[Result "1/2-1/2"]
[WhiteElo "2052"]
[BlackElo "2345"]
[Annotator "TA"]
[PlyCount "60"]
[EventDate "2019.09.23"]
[EventType "tourn"]
[EventRounds "9"]
[EventCountry "UKR"]
[EventCategory "1"]
[SourceTitle "playchess.com"]
[Source "ChessBase"]
[SourceQuality "1"]

{[%evp 20,60,28,12,22,-24,-20,-24,-24,-43,-46,-51,-65,-56,-64,-54,-31,-31,-31,-31,-31,-33,-39,-33,-44,-47,-40,-40,-41,-34,-29,-33,-37,-62,0,0,0,-7,0,0,0,0,0]} 1. d4 Nf6 2. Bg5 e6 3. Nf3 c5 4. e3 Be7 5. Bd3 Qb6 6. Qc1 Nc6 7. c3 h6 8. Bh4 d5 9. Nbd2 {[%cal Bb1d2,Bd2e4,Be4d6][%mdl 32]} Bd7 10. O-O Rc8 11. Qb1 O-O {D03: 1 d4 d5 2 Nf3 Nf6 3 Bg5, including Torre Attack with early ...d5} (11... cxd4 12. exd4 Nh5 13. Bxe7 Nxe7 14. a4 Nf4 15. Bc2 O-O 16. Re1 Nc6 17. Nf1 Nh5 18. Ne5 Nxe5 19. Rxe5 {1-0 (34) Romanov,E (2636)-Pavlidis,A (2463) Skopje 2014}) 12. Ne5 Nxe5 13. dxe5 Ne4 $1 {[%cal Re4d2] Black has an edge.} 14. Nxe4 $146 ({Predecessor:} 14. Bxe7 Nxd2 15. Qc1 Nxf1 16. Bxf8 Rxf8 17. Bxf1 Bb5 18. Qd2 Qa6 19. Bxb5 Qxb5 {0-1 (51) Sevdimaliyev,U (2397)-Abbasov,F (2531) Nakhchivan 2018}) 14... Bxh4 15. Nd6 Rcd8 16. e4 Be7 17. exd5 Bxd6 18. dxe6 Bxe6 19. exd6 Rxd6 20. Rd1 Rfd8 {[#] And now ...Bf5! would win.} 21. Qc2 Bg4 22. Be2 Bxe2 23. Rxd6 Rxd6 24. Qxe2 $15 {[%mdl 4096] Endgame KQR-KQR} Qd8 25. Re1 Rd2 26. Qb5 {[#] Black must now prevent Re8+.} Qc7 (26... Qd5 $1 $15) 27. g3 {The position is equal.} Kh7 28. Re2 Rxe2 29. Qxe2 Qd7 30. c4 b6 {Accuracy: White = 79%, Black = 88%.} 1/2-1/2

[Event "November Lviv Tradition 2019"]
[Site "Lviv"]
[Date "2019.11.22"]
[Round "4.3"]
[White "Roshka, Yevgeniy"]
[Black "Bets, Anatolij"]
[Result "1/2-1/2"]
[WhiteElo "2415"]
[BlackElo "2258"]
[Annotator "TA"]
[PlyCount "106"]
[EventDate "2019.09.23"]
[EventType "tourn"]
[EventRounds "9"]
[EventCountry "UKR"]
[EventCategory "1"]
[SourceTitle "playchess.com"]
[Source "ChessBase"]
[SourceQuality "1"]

{[%evp 22,106,47,49,48,55,47,40,45,42,43,39,49,-66,-57,-80,-66,-106,-117,-122,-52,-42,-50,-54,0,0,0,0,0,0,0,0,6,5,9,3,10,9,9,10,11,11,35,25,25,35,24,31,27,0,0,0,0,0,0,0,0,0,0,0,0,0,0,0,0,0,0,0,0,0,0,0,0,0,0,0,0,0,0,0,0,0,0,0,16,0,0]} 1. d4 Nf6 2. c4 c5 3. d5 b5 4. cxb5 a6 5. f3 axb5 6. e4 Qa5+ 7. Bd2 b4 8. Na3 d6 9. Nc4 Qc7 10. a3 bxa3 11. Rxa3 Rxa3 12. bxa3 g6 {A57: Benko/Volga Gambit} 13. Qa4+ Nbd7 14. Qc6 Qb8 {White is slightly better.} 15. Nb6 Bb7 16. Qa4 Bc8 17. Ba5 (17. Nxc8 $14 Qxc8 18. Ba6) 17... Bh6 $15 18. Bb5 $146 {[#]} ({Predecessor:} 18. Nxc8 Qxc8 19. Qc6 Qb8 20. Bb5 O-O 21. a4 c4 22. Kd1 Qa7 23. Bc3 Qe3 24. Ne2 Ne5 {0-1 (22) Samdanov,S (2235)-Tsydypov,Z (2528) Ulan Ude 2017}) 18... O-O $1 19. Nxc8 Rxc8 20. Ne2 Qa7 ({Black should try} 20... Qb7 $17 21. Qb3 {[#]} c4 $1 {[%mdl 512]} 22. Bxc4 Qa7) 21. Bd2 Bxd2+ 22. Kxd2 Qxa4 (22... Qc7 $15) 23. Bxa4 $11 Ra8 24. Bxd7 $1 Nxd7 {[%mdl 4096] Endgame KRN-KRN} 25. Ra1 Nb6 26. Kd3 e6 27. Nc3 exd5 28. exd5 Na4 29. Ne4 Ra6 30. Kc2 f5 31. Nc3 c4 32. Nb5 Kf7 33. Re1 Rb6 34. Rb1 Ke7 35. Nc3 Ra6 $1 {The position is equal.} 36. Rb7+ Kf6 37. Nb5 Rb6 38. Rxb6 Nxb6 39. Nxd6 {KN-KN} Ke5 40. Nb5 Kxd5 41. Kc3 Kc5 42. Nc7 Na4+ 43. Kd2 Kd4 44. Nb5+ Kc5 45. Nc3 Nb6 46. Ke3 g5 47. g4 fxg4 48. fxg4 Nd7 49. Ne4+ Kd5 50. Nxg5 Ne5 51. h3 {And now Ne4 would win.} c3 $1 52. Ne4 ({Wrong is} 52. Nxh7 $2 Kc4 $19) 52... c2 53. Kd2 {Nf6+ is the strong threat.} Nc4+ {Accuracy: White = 77%, Black = 72%.} 1/2-1/2

[Event "November Lviv Tradition 2019"]
[Site "Lviv"]
[Date "2019.11.22"]
[Round "4.4"]
[White "Frolov, Artur"]
[Black "Shpanko, Nadiia"]
[Result "1-0"]
[WhiteElo "2425"]
[BlackElo "2207"]
[Annotator "TA"]
[PlyCount "39"]
[EventDate "2019.09.23"]
[EventType "tourn"]
[EventRounds "9"]
[EventCountry "UKR"]
[EventCategory "1"]
[SourceTitle "playchess.com"]
[Source "ChessBase"]
[SourceQuality "1"]

{[%evp 10,39,16,13,23,20,33,5,6,12,23,7,10,15,7,0,12,13,39,12,49,48,517,517,453,446,802,776,973,923,1021,983]} 1. e4 c6 2. d4 d5 3. e5 Bf5 4. Nf3 e6 5. c4 Nd7 6. Nc3 dxc4 {B12: Caro-Kann: Advance Variation} 7. Bxc4 Nb6 8. Bb3 (8. Bd3 Ne7 9. O-O Bxd3 10. Qxd3 Nf5 11. Bd2 Be7 12. Rad1 O-O 13. Bc1 {½-½ (26) Alekseev,E (2682)-Burmakin,V (2583) St Petersburg 2014}) 8... h6 {The position is equal.} 9. O-O Ne7 10. Qe2 Ned5 11. Rd1 $146 ({Predecessor:} 11. Bd2 Be7 12. Rfd1 Qd7 13. Ne4 Bxe4 14. Qxe4 {1-0 (34) Hommeles,T (2417)-Sergeev,V (2457) Triesen 2014}) 11... Be7 12. Ne4 Qc7 13. Bd2 g5 14. Rac1 Rg8 15. a4 Nd7 $2 {[%mdl 8192] [#]} ({Black should play} 15... a5 $1 $14) 16. Bxd5 $1 $18 {[%mdl 64] Pin. White is clearly winning.} g4 17. Ne1 Nxe5 (17... Qb6 $142 18. Bc4 Qxd4 19. Nd6+ (19. Bxh6 Qxe4 20. Qxe4 Bxe4 $15) 19... Bxd6) 18. dxe5 Qxe5 19. Bc3 Qf4 20. g3 1-0

[Event "November Lviv Tradition 2019"]
[Site "Lviv"]
[Date "2019.11.22"]
[Round "4.5"]
[White "Cherniaiev, Tykhon"]
[Black "Zaika, Daniil"]
[Result "1/2-1/2"]
[WhiteElo "2121"]
[BlackElo "2274"]
[Annotator "TA"]
[PlyCount "78"]
[EventDate "2019.09.23"]
[EventType "tourn"]
[EventRounds "9"]
[EventCountry "UKR"]
[EventCategory "1"]
[SourceTitle "playchess.com"]
[Source "ChessBase"]
[SourceQuality "1"]

{[%evp 14,78,20,1,6,6,7,-27,-22,-34,0,0,0,0,0,2,0,0,-12,-8,0,-28,0,-7,6,8,19,-1,16,4,6,0,0,-4,5,-6,-4,-14,-15,-15,-16,-18,-14,-18,-17,-18,-19,-34,-37,-38,-39,-46,-29,-37,-16,-39,-39,-39,0,0,0,0,0,0,13,0,0]} 1. Nf3 d5 2. g3 c6 3. Bg2 Bg4 4. O-O Nf6 5. d3 e6 6. Nbd2 Nbd7 {[%cal Bb8d7,Bd7e5,Be5d3][%mdl 32]} 7. h3 Bh5 8. Qe1 Bd6 {A07: Réti Opening: New York and Capablanca Systems} 9. e4 {[#] Black must now prevent e5.} Qc7 10. c3 (10. b3 O-O 11. Bb2 e5 12. Nh4 Rfe8 13. Nf5 Bc5 14. Kh1 a5 15. a3 Rad8 16. f4 dxe4 17. Nxe4 Nxe4 18. dxe4 Bg6 19. Nh4 exf4 20. gxf4 Nf8 {1-0 (30) Vitiugov,N (2703)-Frolyanov,D (2564) Tyumen 2012}) 10... O-O {Black has an edge.} 11. Nh4 Ne5 $146 ({Predecessor:} 11... dxe4 12. dxe4 Bc5 13. Kh1 Ne5 14. Nb3 Be7 15. f4 Nd3 16. Qe3 Nxc1 17. Raxc1 {0-1 (56) Kowsarinia,A (2190)-Petrosyan,M (2125) Jermuk 2011}) 12. d4 Nd3 13. Qe3 dxe4 14. Nxe4 Nxe4 15. Bxe4 Nxc1 16. Raxc1 Rae8 17. Qg5 Be2 {[#] aiming for ...Be7.} 18. Rfe1 Be7 (18... Bc4 {is more complex.} 19. b3 Ba6 20. Rcd1 b6 21. Bd3 Bb7) 19. Qe3 Bh5 20. Bf3 (20. Nf3 {looks sharper.} Rd8 21. Ne5 c5 22. b4 cxd4 23. cxd4 Qb6 24. Rc4) 20... Bxh4 21. Bxh5 Bf6 22. Bg4 Qa5 23. a3 e5 24. dxe5 Rxe5 25. Qd3 h5 26. Bf3 h4 {Hoping for ...hxg3.} 27. g4 Rd8 28. Qc2 Rde8 29. Rxe5 Qxe5 30. Qf5 Qxf5 31. gxf5 $15 {[%mdl 4096] Endgame KRB-KRB} Re5 32. Bg4 Rb5 33. Rc2 Kh7 34. Rd2 Bg5 35. Re2 Rb3 36. Rc2 {The position is equal.} Kh6 37. Be2 Rb6 38. Bc4 f6 39. b4 c5 {Accuracy: White = 47%, Black = 45%.} 1/2-1/2

[Event "November Lviv Tradition 2019"]
[Site "Lviv"]
[Date "2019.11.22"]
[Round "5.1"]
[White "Zaika, Daniil"]
[Black "Kagramanianz, Vartan"]
[Result "1-0"]
[WhiteElo "2274"]
[BlackElo "2229"]
[Annotator "TA"]
[PlyCount "89"]
[EventDate "2019.09.23"]
[EventType "tourn"]
[EventRounds "9"]
[EventCountry "UKR"]
[EventCategory "1"]
[SourceTitle "playchess.com"]
[Source "ChessBase"]
[SourceQuality "1"]

{[%evp 12,89,77,60,74,72,112,101,114,116,167,140,181,150,206,193,196,185,187,192,206,196,195,199,228,224,225,221,237,175,166,110,320,320,368,356,283,245,257,248,275,253,269,272,268,256,264,255,347,343,522,418,395,255,389,194,199,124,171,167,199,149,170,157,101,81,77,81,279,283,538,530,530,396,5322,5302,5099,5073,2879,1027]} 1. d4 Nf6 2. c4 c5 3. d5 e5 4. Nc3 d6 5. e4 Be7 6. Be2 O-O 7. h3 a6 {A56: Czech Benoni} (7... Nbd7 8. Qd3 a6 9. a4 Kh8 10. Bg4 Rb8 11. Nge2 h5 12. Bf5 g6 13. Bxd7 Nxd7 14. O-O Bg5 15. Qg3 Bxc1 16. Raxc1 {1-0 (41) Biolek,R (2464)-Jansa,V (2478) Czechia 2012}) 8. Nf3 b5 9. cxb5 axb5 {White is better.} 10. Bxb5 Qa5 {[#]} (10... Ne8 $16) 11. Nd2 $1 $18 Ne8 $146 ({Predecessor:} 11... Ba6 12. Nc4 Qc7 13. Bxa6 Nxa6 14. O-O Nd7 15. f4 Rfb8 {1-0 (51) Kurtesch,L-Gasztonyi,E Budapest 1966}) 12. O-O Ba6 (12... Qd8 $16 13. Nc4 Nc7) 13. Nc4 Qd8 14. Bd2 Bxb5 15. Nxb5 Nd7 16. a4 Ra6 17. Qe2 Qa8 18. a5 Qb7 19. Nc3 Nc7 20. Ra3 Rb8 21. Na4 (21. Qd3 $18) 21... h6 $2 {[#]} (21... Nb5 $16) 22. Bxh6 $1 {[%mdl 512]} Nb5 (22... gxh6 23. Qg4+) 23. Rg3 g6 24. Nab6 Nd4 25. Qd1 Nxb6 26. axb6 ({Not} 26. Nxb6 Rxa5 27. Nc4 Ra2 $11) 26... Rxb6 27. Nxb6 Qxb6 28. Bc1 Qb5 29. Kh2 Nb3 30. f4 exf4 (30... Nxc1 {keeps fighting.} 31. Qxc1 Qxb2 32. Qxb2 Rxb2 33. fxe5 dxe5) 31. Bxf4 Nd4 32. Bc1 Kg7 (32... Qe2 $142 33. Rd3 Qxd1 34. Rdxd1 (34. Rfxd1 Ne2 $18) 34... Ne2) 33. Rg4 (33. b4 $142) 33... Qe2 34. Rgf4 ({Better is} 34. Qxe2 $18 Nxe2 35. Be3) 34... Qxd1 $16 35. Rxd1 Ne2 36. Rf2 Nxc1 37. Rxc1 {[%mdl 4096] Endgame KRR-KRB} Bf6 38. Rcc2 Be5+ 39. Kh1 c4 $2 (39... Rb4 $16) 40. Rxc4 $18 Rxb2 $2 (40... Bxb2 41. Rc7 Be5 42. Rfxf7+ Kh6) 41. Rxb2 Bxb2 42. Kg1 f5 $2 (42... Kf6 43. Kf2 Ke5) 43. exf5 {White is clearly winning.} gxf5 44. Kf2 Be5 45. Kf3 {Accuracy: White = 59%, Black = 32%.} (45. h4 $142 Kg6 46. Kf3) 1-0

[Event "November Lviv Tradition 2019"]
[Site "Lviv"]
[Date "2019.11.22"]
[Round "5.2"]
[White "Shpanko, Nadiia"]
[Black "Cherniaiev, Tykhon"]
[Result "1/2-1/2"]
[WhiteElo "2207"]
[BlackElo "2121"]
[Annotator "TA"]
[PlyCount "70"]
[EventDate "2019.09.23"]
[EventType "tourn"]
[EventRounds "9"]
[EventCountry "UKR"]
[EventCategory "1"]
[SourceTitle "playchess.com"]
[Source "ChessBase"]
[SourceQuality "1"]

{[%evp 25,70,0,0,0,8,-8,-4,-9,-7,-9,-10,-4,6,-12,0,0,0,0,5,3,24,25,40,24,62,29,36,15,20,0,0,0,0,0,0,0,0,0,0,0,0,0,0,0,0,0,0]} 1. e4 e5 2. Nf3 Nc6 3. Nc3 Nf6 4. d4 exd4 5. Nxd4 Bb4 6. Nxc6 bxc6 7. Bd3 d5 8. exd5 cxd5 9. O-O O-O 10. h3 c6 11. Bg5 Be6 12. Qf3 h6 13. Bf4 Bd6 14. Ne2 {C47: Scotch Four Knights and Four Knights with 4 g3} (14. Rad1 Bxf4 15. Qxf4 Qb8 16. Qxb8 Raxb8 17. b3 Rfe8 18. Rfe1 Kf8 19. Na4 Ke7 20. c4 Kd6 21. Re2 Rbd8 22. cxd5 Bxd5 {1-0 (62) Iljiushenok,I (2485)-Pavlov,M (2505) Sochi 2015}) 14... c5 15. Rfd1 Rb8 $146 ({Predecessor:} 15... Re8 16. Bb5 Bd7 17. Bxd7 Qxd7 18. Ng3 Bxf4 19. Qxf4 Re6 {1-0 (42) Fataliyeva,U (2105)-Boyarchenko,M (1989) Tbilisi 2011}) 16. b3 Re8 17. Ng3 Bxf4 18. Qxf4 Rb4 19. Qf3 Qc7 {White must now prevent ...Rf4.} 20. Re1 a5 21. Nh5 Nxh5 22. Qxh5 Qd8 23. Rad1 Rh4 24. Qe5 g6 25. Bb5 Rf8 26. Be2 Re4 {The position is equal.} 27. Qg3 Qg5 28. Qxg5 hxg5 29. Bf3 Rxe1+ 30. Rxe1 $11 {[%mdl 4096] Endgame KRB-KRB} Kg7 31. Bg4 Bxg4 32. hxg4 Kf6 33. f3 a4 34. Kf2 axb3 35. axb3 Ra8 {Accuracy: White = 67%, Black = 50%.} 1/2-1/2

[Event "November Lviv Tradition 2019"]
[Site "Lviv"]
[Date "2019.11.22"]
[Round "5.3"]
[White "Bets, Anatolij"]
[Black "Frolov, Artur"]
[Result "1/2-1/2"]
[WhiteElo "2258"]
[BlackElo "2425"]
[Annotator "TA"]
[PlyCount "62"]
[EventDate "2019.09.23"]
[EventType "tourn"]
[EventRounds "9"]
[EventCountry "UKR"]
[EventCategory "1"]
[SourceTitle "playchess.com"]
[Source "ChessBase"]
[SourceQuality "1"]

{[%evp 21,62,45,52,29,26,26,34,14,34,36,41,20,25,23,22,14,19,0,0,0,0,0,0,0,0,0,0,0,0,0,0,0,5,0,0,0,0,0,0,0,0,-23,-23]} 1. d4 f5 2. g3 Nf6 3. Bg2 e6 4. Nf3 Be7 5. O-O O-O 6. c4 d5 7. b3 Bd7 8. Ba3 Bxa3 9. Nxa3 Be8 10. Nc2 c6 11. Nce1 Bh5 12. Qd2 $146 {A94: Classical Dutch: Classical Stonewall: 7 b3 c6 8 Ba3} ({Predecessor:} 12. Ne5 Nbd7 13. N1d3 Nxe5 14. Nxe5 Nd7 15. Nd3 Qf6 16. Nf4 Bf7 17. cxd5 exd5 18. e3 g5 19. Nd3 Rae8 20. Qd2 h5 21. f4 g4 22. Ne5 Be6 23. Qb4 Nxe5 24. fxe5 {1-0 (51) Zaja,I (2441)-Urbanc,P (2269) Zagreb 2018}) 12... Bxf3 13. Nxf3 Nbd7 14. cxd5 {White is slightly better.} cxd5 15. Rac1 Rc8 16. Qb2 Qe7 17. a3 Ne4 18. e3 g5 19. Rxc8 Rxc8 20. Rc1 Qd8 21. Ne1 Rc7 22. f3 Nef6 23. Nd3 Qc8 24. Kf2 Rxc1 25. Qxc1 Qxc1 26. Nxc1 $11 {[%mdl 4096] Endgame KBN-KNN} Kf7 27. Ke2 Ke7 28. Nd3 Kd6 29. Kd2 g4 30. f4 Ne4+ 31. Bxe4 dxe4 {Accuracy: White = 45%, Black = 67%.} 1/2-1/2

[Event "November Lviv Tradition 2019"]
[Site "Lviv"]
[Date "2019.11.22"]
[Round "5.4"]
[White "Shkuran, Danylo"]
[Black "Roshka, Yevgeniy"]
[Result "0-1"]
[WhiteElo "2345"]
[BlackElo "2415"]
[Annotator "TA"]
[PlyCount "104"]
[EventDate "2019.09.23"]
[EventType "tourn"]
[EventRounds "9"]
[EventCountry "UKR"]
[EventCategory "1"]
[SourceTitle "playchess.com"]
[Source "ChessBase"]
[SourceQuality "1"]

{[%evp 11,104,36,53,48,64,60,54,58,80,73,73,69,113,46,67,29,58,28,47,32,93,105,86,86,83,58,127,53,95,95,78,69,89,89,82,83,81,94,80,92,97,0,0,0,0,0,29,40,37,0,0,0,99,0,42,0,79,65,81,74,125,35,29,-370,-364,-371,-387,-387,-385,-372,-379,-348,-300,-376,-388,-442,-429,-487,-479,-443,-350,-502,-498,-497,-477,-1297,-1127,-985,-994,-961,-894,-1386,-1377,-1513,-1409]} 1. e4 g6 2. d4 Bg7 3. Nc3 d6 4. Be3 a6 5. Qd2 Nd7 6. O-O-O b5 7. h4 {B06: Modern Defence} h6 8. Nh3 Bb7 9. f3 {White is slightly better.} Rc8 10. Kb1 Nb6 11. Bd3 Nf6 12. Ne2 $146 (12. e5 $1 $16 {[%cal Re5f6]} Nfd5 13. Nxd5 Nxd5 14. e6) ({Predecessor:} 12. Nf4 Nfd7 13. e5 e6 14. d5 Nxd5 15. Ncxd5 Bxd5 16. Nxd5 exd5 17. exd6 {1-0 (77) Ponkratov,P (2613)-Petrosian,T (2671) Moscow 2015}) 12... Nfd7 13. d5 c5 {Hoping for ...c4.} 14. dxc6 $1 Bxc6 15. Nd4 Bb7 ({Black should play} 15... h5 $14) 16. h5 $1 $16 {[%cal Rh5g6] Black must now prevent hxg6.} g5 17. Nf5 Bf6 18. Bd4 Ne5 (18... Bxd4 $14 19. Nxd4 e6) 19. Qf2 ({Better is} 19. Nf2 $16) 19... Nbc4 20. Bxc4 Rxc4 21. Qe2 e6 22. Ne3 Rxd4 23. Rxd4 Nxf3 24. Rdd1 Ne5 {[#]} 25. Nf2 $1 Bg7 26. Neg4 (26. Rd2 $16) 26... Nc4 $1 $36 {[%cal Rc4b2][%mdl 2048] Black fights for an advantage.} 27. c3 Qc7 28. Ne3 O-O (28... Ne5 {feels hotter.} 29. Qd2 Ke7 30. Rc1 a5 31. Rhd1 Rc8) 29. Nxc4 bxc4 30. Rd2 d5 31. Rhd1 {[%cal Re4d5]} Rb8 {[#]} (31... dxe4 $11 {remains equal.} 32. Rd7 (32. Nxe4 Qf4 $11) 32... Qb6) 32. Ka1 ({Much worse is} 32. exd5 $6 Bxd5 33. Ka1 Bxg2 $11) (32. Ng4 $1 $16) 32... Bc6 33. Rc1 Qa5 (33... dxe4 $11 {keeps the balance.} 34. Nxe4 Bd5) 34. exd5 exd5 {Threatening ...d4.} 35. Ng4 Re8 (35... Bd7 $142) 36. Qf3 (36. Qf2 $16) 36... Re6 $1 $14 {Threatens to win with ...d4.} 37. Qg3 $2 {[%mdl 8192] [#]} (37. Qf2 $11 {and White has nothing to worry.}) 37... d4 $1 $19 {[%mdl 512]} 38. Rxd4 (38. cxd4 Qxd2) 38... Bxd4 39. cxd4 {[#]} Qd2 $1 {[%cal Rd2c1][%mdl 576] Double Attack} 40. Qc3 Qxc3 41. bxc3 Bxg2 {[%mdl 4096] Endgame KRB-KRN} 42. Ne5 Bd5 43. Rf1 f6 44. Nd7 Kg7 45. Nc5 Re3 46. Kb2 (46. Nxa6 $142 Rxc3 47. Kb2) 46... g4 {Black is clearly winning.} 47. Nxa6 g3 48. Nb4 (48. Nc7 $142 Re2+ 49. Ka3) 48... g2 49. Rg1 Re2+ 50. Ka3 Be4 51. d5 Rd2 52. Ka4 f5 {Accuracy: White = 37%, Black = 57%.} 0-1

[Event "November Lviv Tradition 2019"]
[Site "Lviv"]
[Date "2019.11.22"]
[Round "5.5"]
[White "Polulikh, Bogdan"]
[Black "Papunidi, Matvey"]
[Result "0-1"]
[WhiteElo "2286"]
[BlackElo "2052"]
[Annotator "TA"]
[PlyCount "34"]
[EventDate "2019.09.23"]
[EventType "tourn"]
[EventRounds "9"]
[EventCountry "UKR"]
[EventCategory "1"]
[SourceTitle "playchess.com"]
[Source "ChessBase"]
[SourceQuality "1"]

{[%evp 9,94,11,20,26,17,-12,-10,-8,0,-8,-6,5,0,3,10,6,39,29,26,21,27,29,28,-108,-104,-89,94,108,84,21,77,65,69,91,595,702,702,693,667,646,651,650,601,484,29991,29992,29992,-64,-62,-86,0,-133,-130,-783,-788,-766,-743,-732,-763,-763,-739,-699,-598,-544,-574,-596,-581,-599,-577,-606,-574,-564,-563,-605,-606,-686,-685,-642,-660,-1130,-1125,-1144,-1112,-1293,-1307,-1176,-1121]} 1. Nf3 c5 2. e3 Nc6 3. d4 d5 4. c3 cxd4 5. exd4 Bf5 (5... Nf6 6. Bf4 Bf5 7. Qb3 Qc8 8. Nbd2 e6 9. Nh4 Bg4 10. h3 Bh5 11. Bd3 Be7 12. O-O a6 13. Rae1 Nd7 14. Ndf3 b5 {1-0 (32) Nisipeanu,L (2672)-Laznicka,V (2654) Germany 2018}) 6. Qb3 {B13: Caro-Kann: Exchange Variation and Panov-Botvinnik Attack} Qd7 7. Bb5 e6 8. Ne5 {The position is equal.} Qc8 9. c4 f6 $146 ({Predecessor:} 9... Nge7 10. O-O a6 11. Nxc6 Nxc6 12. cxd5 axb5 13. dxc6 bxc6 {½-½ (43) Holubcik,M (1966)-Sarocky,L (1816) Slovakia 2015}) 10. cxd5 {[%mdl 64] Pin} fxe5 11. dxc6 bxc6 12. Ba4 exd4 13. Bf4 Qa6 {And now ...Nf6 would win.} 14. Nd2 Nf6 15. Rc1 $1 {[%cal Rc1c6]} Rc8 {[#] Hoping for ...Nd5.} 16. Nc4 (16. Rxc6 $1 $11 {[%mdl 512]} Rxc6 17. Bb5) 16... Ne4 $17 {Threatens to win with ...Nc5.} 17. Ne5 Bd6 {Played: Ne4-c5} 0-1